Entry Nombre personal
001 - NÚMERO DE CONTROL
- campo de control: 18017
003 - IDENTIFICADOR DE NÚMERO DE CONTROL
- campo de control: SpMaBN
005 - FECHA Y HORA DE LA ÚLTIMA TRANSACCIÓN
- campo de control: 20230528191326.0
008 - ELEMENTOS DE DATO DE LONGITUD-FIJA
- campo de control de longitud fija: 070416n| aijnnaabn |n aac
016 ## - NÚMERO DE CONTROL DE UNA AGENCIA BIBLIOGRÁFICA NACIONAL
- Número de control del registro: BNE20070882244
040 ## - FUENTE DE CATALOGACIÓN
- Centro catalogador/agencia de origen: SpMaBN
- Lengua de catalogación: spa
- Centro/agencia transcriptor: SpMaBN
- Normas de descripción: rdc
- Convención/Normas de encabezamiento de materia/tesauro: embne
- Centro/agencia modificador: ES-MaACL
046 ## - FECHAS CON CODIFICACIÓN ESPECIAL
- Fecha de nacimiento: 1881
- Fecha de la muerte: 1945
100 1# - ENCABEZAMIENTO-NOMBRE DE PERSONA
- Nombre de persona: Abdullah, Achmed,
- Fechas asociadas al nombre: 1881-1945
375 ## - GÉNERO/SEXO
- Género: Masculino
670 ## - FUENTE DE DATOS ENCONTRADOS
- Cita de la fuente: La loi des anciens, 16-4-2007;
- Información encontrada: port. (Achmed Abdullah)
670 ## - FUENTE DE DATOS ENCONTRADOS
- Cita de la fuente: WWW LC auth. file, 16-4-2007;
- Información encontrada: (Abdullah, Achmed, 1881-1945)
670 ## - FUENTE DE DATOS ENCONTRADOS
- Cita de la fuente: WWW Bn España aut., 28-5-2023;
- Información encontrada: (Abdullah, Achmed, 1881-1945)
955 ## - CATALOGADOR - EDICIÓN
- Nombre del catalogador: Julia Mas Vieira
